| 000 | 01062cam a22002774a 4500 | ||
|---|---|---|---|
| 001 | 15992821 | ||
| 003 | ARRUPE | ||
| 005 | 20131125163146.0 | ||
| 008 | 091123s2010 nyu b 001 0 eng | ||
| 010 | _a 2009048759 | ||
| 020 | _a9781570758607 (pbk.) | ||
| 040 |
_aDLC _cDLC _dDLC |
||
| 050 | 0 | 0 |
_aBP172 _b.M493 2010 |
| 100 | 1 |
_aMichel, Thomas F., _d1941- _93740 |
|
| 245 | 1 | 2 |
_aA Christian view of Islam : _bessays on dialogue by Thomas F. Michel / _cedited by Irfan A. Omar. |
| 260 |
_aMaryknoll, NY : _bOrbis Books, _cc2010. |
||
| 300 |
_axxiv, 214 p. ; _c24 cm. |
||
| 490 | 0 | _aFaith meets faith series | |
| 504 | _aIncludes bibliographical references and index. | ||
| 650 | 0 |
_aIslam _xRelations _xChristianity. _93741 |
|
| 650 | 0 |
_aChristianity and other religions _xIslam. _93742 |
|
| 700 | 1 |
_aOmar, Irfan A. _93743 |
|
| 906 |
_a7 _bcbc _corignew _d1 _eecip _f20 _gy-gencatlg |
||
| 942 |
_2lcc _cMONOGRAPH |
||
| 999 |
_c118658 _d118658 |
||